Normal view
MARC view
Entry Topical Term
001 - CONTROL NUMBER
- control field: 56483
003 - CONTROL NUMBER IDENTIFIER
- control field: OSt
005 - DATE AND TIME OF LATEST TRANSACTION
- control field: 20250827120308.0
008 - FIXED-LENGTH DATA ELEMENTS
- fixed length control field: 250827|| aca||aabn | a|a d
040 ## - CATALOGING SOURCE
- Original cataloging agency: OSt
- Transcribing agency: OSt
150 ## - HEADING--TOPICAL TERM
- Topical term or geographic name entry element: Representative bureaucracy, Health services, Environmental justice, Compunction, Identify matching.
670 ## - SOURCE DATA FOUND
- Source citation: Work cat.: (OSt): Guzmán,Juan Pablo Martínez Jordan, Meagan M. and Joyce, Philip G. 56482, Racial equity in public budgeting: An analysis of three pioneer cases
